000 00548nam a2200181Ia 4500
008 090123s9999 xx 000 0 und d
082 _b24016
100 _aदेवळे श.रा.
245 _aभाऊ असावा तर असा
250 _a0
260 _bवसंत प्रकाशन
300 _a63
600 _aदेवळे श.रा.
630 _aभाऊ असावा तर असा
700 _aदेवळे श.रा.
730 _aभाऊ असावा तर असा
942 _cBOOK
999 _c62087
_d62087